Immortals of Taoism (Record no. 9559)

MARC details
000 -LEADER
fixed length control field 00565nam a2200241 a 4500
020 ## - INTERNATIONAL STANDARD BOOK NUMBER
ISBN 0452705
082 00 - DEWEY DECIMAL CLASSIFICATION NUMBER
Classification number 299.514
Author Cutter MAN
100 ## - MAIN ENTRY--AUTHOR NAME
Author name Man Ho, Kwok
245 ## - TITLE STATEMENT
Title Immortals of Taoism
260 ## - PUBLICATION, DISTRIBUTION, ETC. (IMPRINT)
Place of publication New York
Name of publisher Penguin Books
Year of publication 1991
300 ## - PHYSICAL DESCRIPTION
Number of Pages 156p
500 ## - GENERAL NOTE
General note includes index and biblioraphy
505 2# - FORMATTED CONTENTS NOTE
Formatted contents note Index
650 ## - SUBJECT ADDED ENTRY--TOPICAL TERM
Topical Term Taoist
942 ## - ADDED ENTRY ELEMENTS (KOHA)
Koha item type Books
700 1# -
-- Man Ho, Kwok
Holdings
Collection code Home library Current library Date acquired Cost, normal purchase price Full call number Accession Number Koha item type
  Henry Martyn Institute Library Henry Martyn Institute Library 07/02/2007 326.25 299.514 MAN 016036 Books
                   Copyright © 2026 | Henry Martyn Institute | Hyderabad | TS-500052 | INDIA | Implemented by hmi.edu.in
Hit-Count:

Powered by Koha